<?xml version="1.0" encoding="UTF-8"?>
<record
    xmlns:xsi="http://www.w3.org/2001/XMLSchema-instance"
    xsi:schemaLocation="http://www.loc.gov/MARC21/slim http://www.loc.gov/standards/marcxml/schema/MARC21slim.xsd"
    xmlns="http://www.loc.gov/MARC21/slim">

  <leader>01081nam a2200265 a 4500</leader>
  <controlfield tag="001">BRL_1740</controlfield>
  <controlfield tag="005">20190320211340.0</controlfield>
  <controlfield tag="008">230715s1957----mx-a######---#000-0#spa-#</controlfield>
  <datafield tag="041" ind1=" " ind2=" ">
    <subfield code="a">spa</subfield>
  </datafield>
  <datafield tag="044" ind1=" " ind2=" ">
    <subfield code="a">mx</subfield>
  </datafield>
  <datafield tag="050" ind1=" " ind2="4">
    <subfield code="a">F1411</subfield>
    <subfield code="b">.C37 1957</subfield>
  </datafield>
  <datafield tag="100" ind1="1" ind2=" ">
    <subfield code="a">Casas, Bartolom&#xE9; de las</subfield>
    <subfield code="d">1484-1566</subfield>
    <subfield code="9">27758</subfield>
  </datafield>
  <datafield tag="245" ind1="1" ind2="0">
    <subfield code="a">Breve relaci&#xF3;n de la destrucci&#xF3;n de las Indias Occidentales</subfield>
    <subfield code="b">presentada a Felipe II siendo pr&#xED;ncipe de Asturias</subfield>
    <subfield code="c">por Don Fray Bartolom&#xE9; de las Casas (Del Orden de Predicadores, Obispo de Chiapa) ; notas del licenciado Ignacio Romerovargas Yturbide ; ilustraciones de Vicente Rojo.</subfield>
  </datafield>
  <datafield tag="260" ind1=" " ind2=" ">
    <subfield code="a">M&#xE9;xico</subfield>
    <subfield code="b">Libros Luciernaga</subfield>
    <subfield code="c">1957</subfield>
  </datafield>
  <datafield tag="300" ind1=" " ind2=" ">
    <subfield code="a">178 p.</subfield>
    <subfield code="b">il.</subfield>
    <subfield code="c">23 cm.</subfield>
  </datafield>
  <datafield tag="500" ind1=" " ind2=" ">
    <subfield code="a">Estado f&#xED;sico : camisa muy deteriorada, se encuentra en el interior del libro</subfield>
  </datafield>
  <datafield tag="500" ind1=" " ind2=" ">
    <subfield code="a">Au1942</subfield>
  </datafield>
  <datafield tag="650" ind1="1" ind2="4">
    <subfield code="a">Trato a los ind&#xED;genas</subfield>
    <subfield code="9">27750</subfield>
  </datafield>
  <datafield tag="650" ind1="1" ind2="4">
    <subfield code="a">Ind&#xED;genas de M&#xE9;xico</subfield>
    <subfield code="x">Misiones</subfield>
    <subfield code="9">864</subfield>
  </datafield>
  <datafield tag="651" ind1=" " ind2="4">
    <subfield code="a">Espa&#xF1;a</subfield>
    <subfield code="x">Colonias</subfield>
    <subfield code="z">Am&#xE9;rica</subfield>
    <subfield code="9">2838</subfield>
  </datafield>
  <datafield tag="700" ind1="1" ind2=" ">
    <subfield code="a">Romerovargas Yturbide, Ignacio</subfield>
    <subfield code="9">23252</subfield>
  </datafield>
  <datafield tag="700" ind1="1" ind2=" ">
    <subfield code="a">Rojo, Vicente</subfield>
    <subfield code="e">il.</subfield>
    <subfield code="9">19416</subfield>
  </datafield>
  <datafield tag="902" ind1=" " ind2=" ">
    <subfield code="a">GRL</subfield>
  </datafield>
  <datafield tag="942" ind1=" " ind2=" ">
    <subfield code="2">lcc</subfield>
    <subfield code="c">B</subfield>
  </datafield>
  <datafield tag="999" ind1=" " ind2=" ">
    <subfield code="c">10548</subfield>
    <subfield code="d">10548</subfield>
  </datafield>
  <datafield tag="952" ind1=" " ind2=" ">
    <subfield code="0">0</subfield>
    <subfield code="1">0</subfield>
    <subfield code="4">0</subfield>
    <subfield code="7">0</subfield>
    <subfield code="a">BRL</subfield>
    <subfield code="b">BRL</subfield>
    <subfield code="d">2015-07-23</subfield>
    <subfield code="i">Au1942</subfield>
    <subfield code="l">0</subfield>
    <subfield code="o">F1411 .C37 1957 (Au1942)</subfield>
    <subfield code="p">GRL01906</subfield>
    <subfield code="r">2019-03-22 00:00:00</subfield>
    <subfield code="w">2019-03-22</subfield>
    <subfield code="y">B</subfield>
  </datafield>
</record>
